01360cam a2200313 a 45000010005000000030006000050050017000110080041000280100017000690200015000860200018001010350020001190400040001390420020001790500023001990820015002221000017002372450068002542600035003223000056003575000205004135050007006185200302006255210018009275210018009456500036009636500015009997000032010142057FISKH20250327092701.0960205s1996 nyua b 000 0 eng d a 96181115  a0590508350 a9780590508353 a(OCoLC)34137546 aOrNepLCDcOrNepLCDdOCoLCdDLCbeng alccopycatalcac00aQE521.3b.H47 199600a551.212211 aCole, Joanna14aThe magic school bus blows it's top :bA book about volcanoes / aNew York :bScholastic,c1996. a32 unnumbered pages :bcolor illustrations ;c21 cm a"Based on the episode from the animated TV series produced by Scholastic Productions, Inc. Based on the Magic School Bus book series written by Joanna Cole and illustrated by Bruce Degen"--T.p. verso. aM  aMs. Frizzle's class is having a hard time putting together a giant globe of the world. A piece is missing...an island so new it hasn't been discovered yet! Before they know it, the kids are beneath the oceans' surface, exploring an underwater volcano. Join the class as they learn about volcanoes.8 a540 bLexile 8 aM bRaz-Plus  0aVolcanoesxJuvenile literature. 1aVolcanoes.1 aDegen, Bruce eillustrator